000 00900cam a2200193 4500
001 L136703
008 070216n2006 000 0 eng u
035 _a(Sirsi) u136703
041 0 _aeng
050 _a690.241 $2 18
110 2 _aRoyal Institution of Chartered Surveyors
_94900
245 0 0 _aRICS awards 2006
_bthe winners...
260 _aLondon
_bRICS
_c2006
505 2 _aBuilding conservation -- Regeneration -- Sustainability -- Community benefit -- RICS project of the year.
520 _aProfiles the winners of the RICS Awards 2006 including the alteration and refurbishment of the Devonshire Royal Hospital, the conservation of the Radcliffe Conservatory in Oxford, the regeneration of Portsmouth Harbour by the Spinnaker Tower and the Honingham Earth Sheltered Social Housing Scheme in Nofolk.
651 4 _aInternational
690 _aABOUT RICS-AWARDS-RICS AWARDS
942 _n0
999 _c106479
_d106479